000 00616nam a2200253Ia 4500
005 20260121160136.0
008 008 260114s9999 xx 000 0 eng d
020 _a9780429451225
037 _aEBOOK
040 _aCRL
040 _beng
040 _cCRL
041 _2eng
041 _aeng
084 _qCRL
100 _a Thangellapali Vijay Kumar
_91028212
245 0 _aColonial Land Tax and Property Rights
260 _bTaylor and Francis
260 _c2018
856 _uhttp://www.taylorfrancis.com/books/9780429451225
942 _cEBOOK
999 _c1595031
_d1595031